00502nam a22001457a 450000500170000001000150001702000260003203500140005803700130007208200160008524500930010126000420019427000880023630000320032420170904105632.0 aENG-120203 a9788123020396c400.00 aEN-103735 bDBAD/PUB a791.4307954 a Legends of Indian silver screen :bthe winners of dadasaheb phalke award ( 1992-2014) / aNew DelhibPublication Divisionc2015 aMinistry of Broadcasting Govt Of India Soochna Bhawan Lodhi RoadbNew Delhie110003 avii,207p. :bill.c24cm(Hb)